AK’s General Knowledge A-Z #33 - Statistics

General Stats
  • This quiz has been taken 539 times
  • The average score is 19 of 26
Answer Stats
Hint Answer % Correct
E – auction and shopping website with 190 million users eBay
97%
B – Das ____, a West German submarine movie, or the shape of Italy Boot
96%
U – the opposite of rural Urban
96%
Y – yin and ____ Yang
96%
R – the red-nosed reindeer Rudolph
95%
H – he in Swedish, or Solo in Star Wars Han
94%
K – American media personality and reality TV star Kim (and her family) Kardashian
94%
I – first name of James Bond author Fleming Ian
93%
J – American rapper who married Beyoncé in 2008 Jay-Z
92%
D – a genre of metal, or the fate of the salesman in Arthur Miller’s play Death
89%
O – a cushioned seat, or an empire at the centre of interactions between the East and West for six centuries Ottoman
89%
S – first name of film director Kubrick, or a cup coveted by ice hockey players Stanley
87%
T – the largest island of this country is Koh Phuket Thailand
87%
C – explorer James who discovered Hawaii Cook
84%
W – U.S. rock duo, the _____ Stripes (“Seven Nation Army”) White
83%
V – the theme of Stephenie Meyer’s Twilight Saga Vampire
77%
G – to move, or the oldest board game still being played Go
75%
L – world’s largest four-letter city Lima
72%
Q – a Mexican dish consisting of a tortilla filled with cheese and other fillings Quesadilla
71%
A – country whose name is Shqipëri (“Land of the Eagles”) in their own language Albania
67%
M – first name of singer Diamandis, or a harbour for boats Marina
59%
F – to sell stolen goods, or what makes the metaphorical grass greener Fence
47%
N – a word or phrase which indicates a particular person, or what 11-year-old Venetia Burney did to Pluto Name
44%
P – king of Belgium since 2013 Philippe
26%
X – Extensible HyperText Markup Language XHTML
24%
Z – long-distance runner Emil with three gold medals from the 1952 Olympics Zátopek
11%
No matching quizzes found
Score Distribution
Percent of People with Each Score
Percentile by Number Answered
Your Score History
You have not taken this quiz